000 00844cam a2200241ui 4500
003 CO-ViMGA
005 20230915233129.0
008 070511s2006 sp a j 000 1 spa d
020 _a9788489804982
040 _aCO-ViMGA
_bspa
_cCO-ViMGA
090 _aC SCHC
100 1 0 _aSchossow, Peter
_91256
245 1 1 _aCómo es posible?
_bla historia de Elvis
_cPeter Schossow ; traducción de Eduardo Martínez
250 _aEdición especial para El Ministerio de Cultura
260 _aBogotá
_bPlaza & Janes
_c2015
300 _a[38] páginas
_bilustraciones
_c25 cm
490 _aLeer es mi cuento
650 1 4 _2LEMB
_aLiteratura infantil alemana
_ySiglo XXI
_92283
650 1 4 _aCuentos infantiles alemanes
_2LEMB
_ySiglo XXI
_92282
650 1 4 _aNiños en la literatura
_2LEMB
_9504
700 1 0 _aMartínez, Eduardo
_923597
942 _2ddc
_cBK
999 _c9643
_d9643